| 000 | 01134cam a22003015a 4500 | ||
|---|---|---|---|
| 001 | 18178460 | ||
| 005 | 20160524124122.0 | ||
| 008 | 140605t2015 maua frb 001 0 eng d | ||
| 010 | _a 2014942513 | ||
| 020 | _a9780750685245 | ||
| 040 |
_aDLC _beng _cDLC _dEG-ScBUE _eEG-ScBUE |
||
| 082 | 0 | 4 |
_a660.283 _bCOK _222 |
| 100 | 1 |
_aCoker, A. Kayode. _938469 |
|
| 245 | 1 | 0 |
_aLudwig's applied process design for chemical and petrochemical plants. _nVolume 3 / _cA. Kayode Coker. |
| 246 | 3 | 0 | _aApplied process design for chemical and petrochemical plants |
| 250 | _a4th ed. | ||
| 260 |
_aWaltham ; _aOxford : _bGulf Professional Publishing / Elsevier, _cc.2015. |
||
| 300 |
_axvii, 1257 p. : _bill. ; _c30 cm. |
||
| 500 | _aIndex : p. 1243-1257. | ||
| 504 | _aIncludes bibliographical references. | ||
| 650 | 0 |
_aPetroleum industry and trade _xEquipment and supplies. _2BUEsh |
|
| 650 | 7 |
_aChemical plants _xEquipment and supplies. _2BUEsh _938999 |
|
| 650 | 7 |
_aChemical processes. _2BUEsh _95532 |
|
| 651 | _2BUEsh | ||
| 653 |
_bENGGEN _bENGPET _bENGCHE _cOctober2015 _cMay2016 |
||
| 655 |
_vReading book _934232 |
||
| 942 |
_2ddc _k660.283 COK |
||
| 999 |
_c20892 _d20864 |
||